000 01203nam0a2200325 4500
001 RU\NLR\bibl\857294
005 20260405141025.0
010 _a5-86091-215-3
010 _a5-94355-277-4
_93000
021 _aRU
_b2005-57095
_92792
035 _a(NLR Aleph) 000846007
090 _a1450177
_c1450177
100 _a20051020d2005 |||y0rusy50 ca
101 1 _arus
_cfre
102 _aRU
105 _ay |||||||||
200 1 _aСознательное самовнушение как путь к господству над собой
_fЭмиль Куэ
_g[предисл. и пер. с фр. М. Кадиша]
210 _aНовосибирск
_cСибирское Рериховское Общество
_cРОССАЗИЯ
_aМосква
_cАмрита-Русь
_d2005
215 _a180, [1] с.
_d14
225 1 _aГрани познания
606 1 _aСамовнушение
_91323803
_3RU\NLR\auth\66234577
686 _aЮ962
686 _aР357.192
700 1 _4070
_8rus
_7ca
_aКуэ
_bЭ.
_f1857-1926
_gЭмиль
_3RU\NLR\auth\7757168
_940100
801 0 _aRU
_bNLR
_c20051020
_grcr
801 1 _aRU
_bNLR
_c20051020
942 _cBOOK
980 _aNB